书目信息 |
| 题名: |
糟糕事情处理
|
|
| 作者: | 胡丽芳 主编 | |
| 分册: | ||
| 出版信息: | 北京 中国经济出版社 2003.09 |
|
| 页数: | 224页 | |
| 开本: | 21cm | |
| 丛书名: | 经理人应变管理能力训练系列 | |
| 单 册: | ||
| 中图分类: | F270 | |
| 科图分类: | ||
| 主题词: | 企业管理--案例 | |
| 电子资源: | ||
| ISBN: | 7-5017-6069-1 | |
| 000 | 00859nam2 2200253 450 | |
| 001 | 0311281564 | |
| 005 | 20050906162755.15 | |
| 010 | @a7-5017-6069-1@dCNY16.00 | |
| 100 | @a20031128d2003 km y0chiy0120 ea | |
| 101 | 0 | @achi |
| 102 | @aCN@b110000 | |
| 105 | @aa z 000yy | |
| 200 | 1 | @a糟糕事情处理@AZao Gao Shi Qing Chu Li@e实例与技巧@f胡丽芳主编@Fhu li fang zhu bian |
| 210 | @a北京@c中国经济出版社@d2003.09 | |
| 215 | @a224页@c图@d21cm | |
| 225 | 2 | @a经理人应变管理能力训练系列 |
| 330 | @a本书从企业运行中的糟糕事情出发给出了理论上的解释和指引,并提供大量具体实例介绍处理的方法、阐述糟糕事情的管理等。 | |
| 410 | 0 | @12001 @a经理人应变管理能力训练系列 |
| 517 | 1 | @a实例与技巧@AShi Li Yu Ji Qiao |
| 606 | 0 | @a企业管理@x案例 |
| 690 | @aF270@v4 | |
| 701 | 0 | @a胡丽芳@Ahu li fang@4主编 |
| 801 | 0 | @aCN@bQSSK@c20050906 |
| 905 | @a10447@dF270@eH481 | |
| 糟糕事情处理:实例与技巧/胡丽芳主编.-北京:中国经济出版社,2003.09 |
| 224页:图;21cm.-(经理人应变管理能力训练系列) |
| ISBN 7-5017-6069-1:CNY16.00 |
| 本书从企业运行中的糟糕事情出发给出了理论上的解释和指引,并提供大量具体实例介绍处理的方法、阐述糟糕事情的管理等。 |
| ● |
| 相关链接 |
|
|
|
正题名:糟糕事情处理
索取号:F270/H481
 
预约/预借
| 序号 | 登录号 | 条形码 | 馆藏地/架位号 | 状态 | 备注 |
| 1 | 560038 | 205600385 | 社科库409/409社科库 83排2列1层/ [索取号:F270/H481] | 在馆 | |
| 2 | 560039 | 205600394 | 社科库409/409社科库 83排2列1层/ [索取号:F270/H481] | 在馆 | |
| 3 | 560040 | 205600401 | 社科库409/409社科库 83排2列1层/ [索取号:F270/H481] | 在馆 |